Data and Energy Integrated Communication Networks A Brief Introduction /

The book discusses data and energy integrated communication networking technologies, including the latest research contributions in this promising area. It firstly provides an overview of data and energy integrated communication networks (DEINs) and introduces the key techniques for enabling integra...

Πλήρης περιγραφή

Λεπτομέρειες βιβλιογραφικής εγγραφής
Κύριοι συγγραφείς: Hu, Jie (Συγγραφέας, http://id.loc.gov/vocabulary/relators/aut), Yang, Kun (http://id.loc.gov/vocabulary/relators/aut)
Συγγραφή απο Οργανισμό/Αρχή: SpringerLink (Online service)
Μορφή: Ηλεκτρονική πηγή Ηλ. βιβλίο
Γλώσσα:English
Έκδοση: Singapore : Springer Singapore : Imprint: Springer, 2018.
Έκδοση:1st ed. 2018.
Σειρά:SpringerBriefs in Computer Science,
Θέματα:
Διαθέσιμο Online:Full Text via HEAL-Link
LEADER 03529nam a2200529 4500
001 978-981-13-0116-2
003 DE-He213
005 20191220131245.0
007 cr nn 008mamaa
008 180723s2018 si | s |||| 0|eng d
020 |a 9789811301162  |9 978-981-13-0116-2 
024 7 |a 10.1007/978-981-13-0116-2  |2 doi 
040 |d GrThAP 
050 4 |a TK5105.5-5105.9 
072 7 |a UKN  |2 bicssc 
072 7 |a COM075000  |2 bisacsh 
072 7 |a UKN  |2 thema 
082 0 4 |a 004.6  |2 23 
100 1 |a Hu, Jie.  |e author.  |4 aut  |4 http://id.loc.gov/vocabulary/relators/aut 
245 1 0 |a Data and Energy Integrated Communication Networks  |h [electronic resource] :  |b A Brief Introduction /  |c by Jie Hu, Kun Yang. 
250 |a 1st ed. 2018. 
264 1 |a Singapore :  |b Springer Singapore :  |b Imprint: Springer,  |c 2018. 
300 |a X, 78 p. 23 illus.  |b online resource. 
336 |a text  |b txt  |2 rdacontent 
337 |a computer  |b c  |2 rdamedia 
338 |a online resource  |b cr  |2 rdacarrier 
347 |a text file  |b PDF  |2 rda 
490 1 |a SpringerBriefs in Computer Science,  |x 2191-5768 
505 0 |a Chapter 1 Data and Energy Integrated Communication Networks: An Overview -- Chapter 2 Transceiver Architecture For Integrated WET and WIT -- Chapter 3 Throughput Maximization and Fairness Assurance in DEIN -- Chapter 4 Joint Time Allocation And User Scheduling In A Full-Duplex Aided Multi-User DEIN -- Chapter 5 Open Challenges. 
520 |a The book discusses data and energy integrated communication networking technologies, including the latest research contributions in this promising area. It firstly provides an overview of data and energy integrated communication networks (DEINs) and introduces the key techniques for enabling integrated wireless energy transfer (WET) and wireless information transfer (WIT) in the radio frequency (RF) band. It then describes the ubiquitous architecture of DEINs and demonstrates the typical DEIN system and investigates the core issues in both the physical layer and the medium-access-control (MAC) layer in order to coordinate both the WIT and WET in the same RF band. Lastly, the book addresses a number of emerging research topics in the field of DEINs. It promotes joint efforts from both academia and industry to push DEIN a step closer to practical implementation. It is also a valuable resource for students interested in studying cutting-edge techniques in this field. 
650 0 |a Computer communication systems. 
650 0 |a Electrical engineering. 
650 0 |a Electronic circuits. 
650 0 |a Computer software-Reusability. 
650 1 4 |a Computer Communication Networks.  |0 http://scigraph.springernature.com/things/product-market-codes/I13022 
650 2 4 |a Communications Engineering, Networks.  |0 http://scigraph.springernature.com/things/product-market-codes/T24035 
650 2 4 |a Electronic Circuits and Devices.  |0 http://scigraph.springernature.com/things/product-market-codes/P31010 
650 2 4 |a Performance and Reliability.  |0 http://scigraph.springernature.com/things/product-market-codes/I12077 
700 1 |a Yang, Kun.  |e author.  |4 aut  |4 http://id.loc.gov/vocabulary/relators/aut 
710 2 |a SpringerLink (Online service) 
773 0 |t Springer eBooks 
776 0 8 |i Printed edition:  |z 9789811301155 
776 0 8 |i Printed edition:  |z 9789811301179 
830 0 |a SpringerBriefs in Computer Science,  |x 2191-5768 
856 4 0 |u https://doi.org/10.1007/978-981-13-0116-2  |z Full Text via HEAL-Link 
912 |a ZDB-2-SCS 
950 |a Computer Science (Springer-11645)